LEADER 01038cam0 22002771 450 001 SOBE00036123 005 20151130133551.0 100 $a20130905d1951 |||||ita|0103 ba 101 $afre 102 $aFR 200 1 $aHernani$edrame$fVictor Hugo$gavec une notice biographique, une notice historique et littéraire, des notes esplicatives, des jugements, un questionnaire et des sujets de devoirs par Pierre Richard 210 $aParis$cLibrairie Larousse$d1951 215 $a166 p.$d17 cm 225 2 $aClassiques Larousse 410 1$1001LAEC00018309$12001 $a*Classiques Larousse 700 1$aHugo$b, Victor$3AF00004834$4070$0444801 702 1$aDebidour, Antonin$3SOBA00008203$4070 801 0$aIT$bUNISOB$c20151130$gRICA 850 $aUNISOB 852 $aUNISOB$j840|Coll|3|K$m6840 912 $aSOBE00036123 940 $aM 102 Monografia moderna SBN 941 $aM 957 $a840|Coll|3|K$b000149$gSI$d6840$1bethb$2UNISOB$3UNISOB$420130905110535.0$520151130133551.0$6Alfano 996 $aHernani$918720 997 $aUNISOB